| 000 | 00373nam a2200157Ia 4500 | ||
|---|---|---|---|
| 008 | 230917s9999||||xx |||||||||||||| ||und|| | ||
| 040 |
_e175324 _aMAIN |
||
| 041 | _aEnglish | ||
| 082 | _a005.133 E54T(2) | ||
| 100 | _aEckel, Bruce | ||
| 245 | 0 | _aThinking in C++ | |
| 250 | _a2nd ed. | ||
| 260 |
_aNew Delhi _bPearson Education _c2009 |
||
| 300 | _a814 p. | ||
| 942 | _cBK | ||
| 999 |
_c156475 _d156475 |
||